Sports Quiz

Random Sports or Football Quiz

The A-Z of La Liga Goal Scorers Quiz Stats

 Plays Quiz not verified by Sporcle

Challenge
Share
Tweet
Embed
Score 0/26 Timer 05:00
0 Plays Today
Initial Player % Correct
RRaúl
85.5%
XXavi Hernandez
83.8%
vNRuud van Nistelrooy
81%
VDavid Villa
76.5%
D SAlfredo Di Stéfano
63.7%
ESamuel Eto'o
63.1%
FDiego Forlán
61.5%
SHugo Sánchez
44.1%
TRaúl Tamudo
42.5%
ZZarra
37.4%
QQuini
31.3%
OOli
24%
UIsmael Urzaiz
22.3%
Initial Player % Correct
KLadislav Kubala
18.4%
CCésar
17.9%
HHerrerita
8.4%
MMundo
8.4%
PPahiño
7.8%
LLángara
6.7%
YYordi
6.1%
WWaldo
5.6%
GGuillermo Gorostiza
4.5%
AJuan Arza
3.9%
ISilvestre Igoa
2.2%
JOrlando Jiménez
2.2%
BManuel Badenes
0.6%

You're not logged in!

Compare scores with friends on all Sporcle quizzes.
Join for Free
OR
Log In

You Might Also Like...

Show Comments

Extras

Top Quizzes Today


Score Distribution

Your Account Isn't Verified!

In order to create a playlist on Sporcle, you need to verify the email address you used during registration. Go to your Sporcle Settings to finish the process.

Report this User

Report this user for behavior that violates our Community Guidelines.

Details: